Physical educators' knowledge of exercise-induced asthma /

Bibliographic Details
Main Author: Kennett, Laura Kay
Format: Thesis Microform Book
Language:English
Published: [Place of publication not identified] : [publisher not identified] ; 2001.
Subjects:

MARC

Tag First Indicator Second Indicator Subfields
LEADER 00000ctm a2200000Ia 4500
001 in00001711021
005 20151024164319.0
007 he bmb024baca
008 020207s2001 xx a bbm 000 0 eng d
019 |a 48785379 
035 |a (OCoLC)ocm48955488 
037 |a HE 704  |b Microform Publications 
040 |a ORU  |c MUU  |d MUU  |d HPE  |d UtOrBLW 
049 |a TXAM 
090 |a RA645.A83  |b .K46 2001a 
092 |a 616.238007 
100 1 |a Kennett, Laura Kay. 
245 1 0 |a Physical educators' knowledge of exercise-induced asthma /  |c by Laura Kay Kennett. 
264 1 |a [Place of publication not identified] :  |b [publisher not identified] ;  |c 2001. 
300 |a vi, 83 leaves :  |b illustrations 
336 |a text  |b txt  |2 rdacontent 
337 |a microform  |b h  |2 rdamedia 
338 |a microfiche  |b he  |2 rdacarrier 
502 |b M.S.  |c Michigan State University  |d 2001. 
504 |a Includes bibliographical references (leaves 79-83). 
533 |a Microfiche.  |b Eugene :  |c Microform Publications, University of Oregon,  |d 2001.  |e 1 microfiche : negative.  |n "UO 01 418." 
500 |a Microform. 
650 0 |a Exercise-induced asthma. 
650 0 |a Asthmatics  |x Medical care. 
650 0 |a Physical education teachers  |x Training of. 
994 |a 92  |b TXA 
948 |a cataloged  |b h  |c 2002/10/28  |d c  |e blrosas  |f 1:30:40 pm 
999 |a MARS 
999 f f |s 6f524084-021e-3397-a6da-ce1c4e9a888c  |i abe5c5ed-5488-3716-a6f4-82afa63ab27b  |t 0 
952 f f |p normal  |a Texas A&M University  |b College Station  |c Sterling C. Evans Library  |d Evans: Microforms Fiche (3rd floor)  |t 0  |e RA645.A83 .K46 2001a  |h Library of Congress classification  |i microform -- microfiche  |m A14829430198 
998 f f |a RA645.A83 .K46 2001a  |t 0  |l Evans: Microforms Fiche (3rd floor)